| 000 -LEADER |
| fixed length control field |
01194nam a2200229Ia 4500 |
| 001 - CONTROL NUMBER |
| control field |
19446 |
| 003 - CONTROL NUMBER IDENTIFIER |
| control field |
GE_BSU |
| 008 - FIXED-LENGTH DATA ELEMENTS--GENERAL INFORMATION |
| fixed length control field |
181216s||||||||xx |||||||||||||| ||und|| |
| 040 ## - CATALOGING SOURCE |
| Transcribing agency |
GE_BSU |
| 080 ## - UNIVERSAL DECIMAL CLASSIFICATION NUMBER |
| Universal Decimal Classification number |
811.353.1(058) |
| 245 ## - TITLE STATEMENT |
| Title |
მოამბე,XII აკად. ნ. მარის სახელობის ენის, ისტორიისა და მატერიალური კულტურის ინსტიტუტის მოამბე Известия института языка, истории и материальной культуры им. акад. Н.Я. Марра,=Bulletin De L'Institut Marr De Langues, D'Histoire et De Culture Materielle |
| 245 ## - TITLE STATEMENT |
| Statement of responsibility, etc. |
რედ:არნ.ჩიქობავა |
| 260 ## - PUBLICATION, DISTRIBUTION, ETC. |
| Place of publication, distribution, etc. |
თბილისი |
| 260 ## - PUBLICATION, DISTRIBUTION, ETC. |
| Name of publisher, distributor, etc. |
საქართველოს სსრ მეცნიერებათა აკადემიის გამომცემლობა |
| 260 ## - PUBLICATION, DISTRIBUTION, ETC. |
| Date of publication, distribution, etc. |
1942 |
| 300 ## - PHYSICAL DESCRIPTION |
| Extent |
302გვ;24სმ. |
| 520 ## - SUMMARY, ETC. |
| Summary, etc. |
ენიმკის მოამბე |
| 653 ## - INDEX TERM--UNCONTROLLED |
| Uncontrolled term |
ენათმეცნიერება, |
| 653 ## - INDEX TERM--UNCONTROLLED |
| Uncontrolled term |
მოამბე, XII |
| 942 ## - ADDED ENTRY ELEMENTS (KOHA) |
| Koha item type |
წიგნი |